Selfbuild as a volume housing solution (Record no. 112017)

MARC details
000 -LEADER
fixed length control field 00986cad a22001935a 4500
001 - CONTROL NUMBER
control field L152358
008 - FIXED-LENGTH DATA ELEMENTS--GENERAL INFORMATION
fixed length control field 110225s2008 xxk f 000 0 eng d
035 ## - SYSTEM CONTROL NUMBER
System control number (Sirsi) u152358
041 0# - LANGUAGE CODE
Language code of text/sound track or separate title eng
110 2# - MAIN ENTRY--CORPORATE NAME
Corporate name or jurisdiction name as entry element National Self Build Association
9 (RLIN) 5919
245 00 - TITLE STATEMENT
Title Selfbuild as a volume housing solution
Medium [electronic resource]
260 ## - PUBLICATION, DISTRIBUTION, ETC.
Place of publication, distribution, etc. [S.l.]
Name of publisher, distributor, etc. NSBA
Date of publication, distribution, etc. 2008
520 ## - SUMMARY, ETC.
Summary, etc. A detailed look at self-build including how to self build, the demographics of a self-builder, the scale of the market and what restricts its growth, the situation overseas, benefits, self build as a volume housing solution, Government and other land owner participation, and further information.
651 #4 - SUBJECT ADDED ENTRY--GEOGRAPHIC NAME
Geographic name United Kingdom
Chronological subdivision
690 ## - LOCAL SUBJECT ADDED ENTRY--TOPICAL TERM (OCLC, RLIN)
Topical term or geographic name as entry element BUILT ENVIRONMENT-CONSTRUCTION MARKET
690 ## - LOCAL SUBJECT ADDED ENTRY--TOPICAL TERM (OCLC, RLIN)
Topical term or geographic name as entry element PROPERTY-RESIDENTIAL PROPERTY-DOMESTIC RESIDENTIAL PROPERTY-HOUSING
856 40 - ELECTRONIC LOCATION AND ACCESS
Uniform Resource Identifier <a href="https://www.nasba.org.uk/Media/Self_Build_report_final_version.pdf">https://www.nasba.org.uk/Media/Self_Build_report_final_version.pdf</a>
Public note View this item free of charge at www.nasba.org.uk
942 ## - ADDED ENTRY ELEMENTS (KOHA)
Suppress in OPAC 0
Holdings
Withdrawn status Lost status Source of classification or shelving scheme Damaged status Not for loan Home library Current library Shelving location Date acquired Total Checkouts Full call number Barcode Date last seen Copy number Price effective from Koha item type
    Dewey Decimal Classification     Virtual Virtual Online 25/02/2011   ONLINE PUBLICATION 152358-1001 06/08/2019 1 06/08/2019 Book